| 000 | 00493nam a22001577a 4500 | ||
|---|---|---|---|
| 005 | 20170427094101.0 | ||
| 008 | 170427b xxu||||| |||| 00| 0 eng d | ||
| 040 | _cPK-LaUMT | ||
| 082 |
_aZIAC 297.0705 _bABD-A |
||
| 100 | _aعبدالرحمن عبدالرحمن النقیب | ||
| 245 |
_aالتربیۃ الاسلامیہ/ _cعبدالرحمن عبدالرحمن النقیب |
||
| 260 |
_aالقاھرہ: _bدارالفکر، _c[ ] |
||
| 300 | _a271 ص | ||
| 546 | _aعربی | ||
| 942 | _cBK | ||
| 999 |
_c92922 _d92922 |
||